Générique Sherlock Holmes - Paroles - Statistiques

Statistiques générales
  • Ce quiz a été pris 120 fois
  • Le résultat moyen est 11 sur 14
Statistiques - réponses
Paroles % Correct
Le plus grand des {détectives}
95%
Oui c'est lui, {Sherlock} {Holmes}, le voici
95%
Il habite {Baker} Street
92%
Et poursuit Moriarty le {méchant}
90%
Holmes et {Watson}
87%
Loupe à la {main}
87%
Courez, {courez}
80%
Cherchez, {cherchez}
78%
Démasqué par Sherlock Holmes le plus {malin}
74%
La {canne} à la main
71%
Ne laissez pas filer le {bandit}
68%
Brigand {élégant}
64%
Et vos {soucis} seront bientôt finis
60%
Les méfaits de ce gros {requin}
34%
Aucun quiz correspondant
Distribution des résultats
% des personnes avec chaque résultat
Percentile par nombre de réponses
Votre historique - résultats
Vous n’avez pas pris ce quiz